| 000 | 00365nam a22001337a 4500 | ||
|---|---|---|---|
| 003 | SGT | ||
| 082 |
_a617.525 _bO12S |
||
| 100 | _aSIWACH, VIJAY | ||
| 245 | _aOPEN REDUCTION & INTERNAL FIXATION OF CONDYLAR FRACTURES THROUGH MINI-RETROMANDIBULAR APPROACH | ||
| 260 |
_aDELHI NCR _bSGT UNIVERSITY _c2012 |
||
| 300 | _a1-79 | ||
| 650 | _aORAL SURGERY | ||
| 942 |
_2ddc _cTH |
||
| 999 |
_c16131 _d16131 |
||